000 01103nas a2200349 4500
001 BR2013004591
003 BR-BrBNA
005 20231205122448.0
007 ta
008 230509b bl.|||p| |||| 00| 00por d
040 _aBR-BrBNA
_bpor
_cBiblioteca Nacional de Agricultura
041 _a(Pt)
072 _aL74
100 1 _aConceição, A.M.
100 1 _aAlmeida, B. M.
100 1 _aBrasileiro, M.T.R.
100 1 _aBarros, L.E.D.
100 1 _aWiltshire, S.A.
100 1 _aSarmento, C.A.P.
100 1 _a
100 1 _a
245 1 _aHermafroditismo em jabuti piranga (Geochelone carbonaria)
246 1 _aHermaphroditism in jabuti piranga (Geochelone carbonaria)
650 _aJABUTI
650 _aHERMAFRODITISMO
650 _aDISTÚRBIO FISIOLÓGICO
650 _aAPARELHO REPRODUTOR
773 0 _tArquivo Brasileiro de Medicina Veterinária e Zootecnia (Brazil)
_xISSN 0102-0935
_g(Dec 2009), v. 61(6) p. 1478-1481
_wBR2013004591
856 4 0 _uhttp://www.scielo.br/pdf/abmvz/v61n6/v61n6a36.pdf
909 _a202311
_bLúcia
_c55
_dLúcia Elande
942 _2AGRIS
_n0
_cANA
999 _c228773
_d228773